000 00493nam a22001817a 4500
003 CEME
005 20210628210634.0
008 210210b xxu||||| |||| 00| 0 eng d
020 _a0-521-66281-8
040 _c.
082 _a621.3 DEW
100 _aDe Wolf, David.A
_980290
245 _aEssentials of electromagnetics for engineering
260 _aNEW YORK
_bCAMBRIDGE UNIVERSITY PRESS
_c2001
300 _a510P
650 _aELECTROMAGNETICS FOR ENGINEERING
_980291
942 _cBK
_2ddc
999 _c585238
_d585238